000 00306 a2200145 4500
001 169114
020 _a
040 _cMagnum
100 _aSchoenfeld, Keller
240 1 0 _aPrincipios de psicologia
_lpor
245 1 0 _aPrincipios de psicologia
362 0 _a1899
697 _aPSICOLOGIA
942 _cBK
999 _c169114
_d169114